<?xml version="1.0" encoding="UTF-8"?>
<record
    xmlns:xsi="http://www.w3.org/2001/XMLSchema-instance"
    xsi:schemaLocation="http://www.loc.gov/MARC21/slim http://www.loc.gov/standards/marcxml/schema/MARC21slim.xsd"
    xmlns="http://www.loc.gov/MARC21/slim">

  <leader>00699nam a2200229 a 4500</leader>
  <controlfield tag="001">4330</controlfield>
  <controlfield tag="003">CDMR</controlfield>
  <controlfield tag="005">20131212095331.0</controlfield>
  <controlfield tag="008">130130s2000||||sp |||||||||||||||||spa|d</controlfield>
  <datafield tag="020" ind1=" " ind2=" ">
    <subfield code="a">8449309468</subfield>
  </datafield>
  <datafield tag="040" ind1=" " ind2=" ">
    <subfield code="a">CDMR</subfield>
    <subfield code="b">cat</subfield>
    <subfield code="c">CDMR</subfield>
  </datafield>
  <datafield tag="100" ind1="1" ind2=" ">
    <subfield code="9">3787</subfield>
    <subfield code="a">O'Donell, James</subfield>
  </datafield>
  <datafield tag="245" ind1="1" ind2="0">
    <subfield code="a">Avatares de la palabra</subfield>
    <subfield code="b">: del papiro al ciberespacio</subfield>
    <subfield code="c">James O'Donell</subfield>
  </datafield>
  <datafield tag="260" ind1=" " ind2=" ">
    <subfield code="a">Barcelona</subfield>
    <subfield code="b">Paid&#xF3;s</subfield>
    <subfield code="c">DL 2000</subfield>
  </datafield>
  <datafield tag="300" ind1=" " ind2=" ">
    <subfield code="a">199 p.</subfield>
  </datafield>
  <datafield tag="490" ind1="0" ind2=" ">
    <subfield code="a">Paid&#xF3;s Comunicaci&#xF3;n</subfield>
    <subfield code="v">123</subfield>
  </datafield>
  <datafield tag="650" ind1="0" ind2="4">
    <subfield code="9">2716</subfield>
    <subfield code="a">Comunicaci&#xF3; i tecnologia</subfield>
  </datafield>
  <datafield tag="650" ind1="0" ind2="4">
    <subfield code="9">4423</subfield>
    <subfield code="a">Tecnologia i civilitzaci&#xF3;</subfield>
  </datafield>
  <datafield tag="650" ind1="0" ind2="4">
    <subfield code="9">3508</subfield>
    <subfield code="a">Tecnologia de la informaci&#xF3;</subfield>
    <subfield code="x">Aspectes socials</subfield>
  </datafield>
  <datafield tag="650" ind1="0" ind2="4">
    <subfield code="9">637</subfield>
    <subfield code="a">Comunicaci&#xF3;</subfield>
    <subfield code="x">Ensenyament</subfield>
  </datafield>
  <datafield tag="942" ind1=" " ind2=" ">
    <subfield code="c">MON</subfield>
    <subfield code="2">udc</subfield>
  </datafield>
  <datafield tag="999" ind1=" " ind2=" ">
    <subfield code="c">4330</subfield>
    <subfield code="d">4330</subfield>
  </datafield>
  <datafield tag="952" ind1=" " ind2=" ">
    <subfield code="0">0</subfield>
    <subfield code="1">0</subfield>
    <subfield code="4">0</subfield>
    <subfield code="7">0</subfield>
    <subfield code="a">CDMR</subfield>
    <subfield code="b">CDMR</subfield>
    <subfield code="d">2013-01-16</subfield>
    <subfield code="l">0</subfield>
    <subfield code="o">Ca 5/2</subfield>
    <subfield code="p">CDMR13066705</subfield>
    <subfield code="r">2013-06-14</subfield>
    <subfield code="w">2013-06-14</subfield>
    <subfield code="y">MON</subfield>
  </datafield>
</record>
